#Cerita seram 2 : (Record no. 127827)

MARC details
000 -LEADER
fixed length control field 00718nam a2200253 i 4500
001 - CONTROL NUMBER
control field C2-0328442
003 - CONTROL NUMBER IDENTIFIER
control field PPAK
005 - DATE AND TIME OF LATEST TRANSACTION
control field 20180728125759.0
008 - FIXED-LENGTH DATA ELEMENTS--GENERAL INFORMATION
fixed length control field 140817s2013 my |||| ||||| | may d
020 ## - INTERNATIONAL STANDARD BOOK NUMBER
International Standard Book Number 9789671169797
040 ## - CATALOGING SOURCE
Original cataloging agency PPAK
Language of cataloging eng
Transcribing agency PPAK
Description conventions rda
082 04 - DEWEY DECIMAL CLASSIFICATION NUMBER
Classification number 899.233
Edition number 23
090 00 - LOCALLY ASSIGNED LC-TYPE CALL NUMBER (OCLC); LOCAL CALL NUMBER (RLIN)
Classification number (OCLC) (R) ; Classification number, CALL (RLIN) (NR) 899.233
Feature heading JAR
Feature heading G
100 0# - MAIN ENTRY--PERSONAL NAME
Personal name Jarr Nadjmuddean,
Relator term author
245 10 - TITLE STATEMENT
Title #Cerita seram 2 :
Remainder of title Angker
264 #1 - PRODUCTION, PUBLICATION, DISTRIBUTION, MANUFACTURE, AND COPYRIGHT NOTICE
Place of production, publication, distribution, manufacture Cheras :
Name of producer, publisher, distributor, manufacturer Dubook Press & Publication ,
Date of production, publication, distribution, manufacture, or copyright notice 2013
300 ## - PHYSICAL DESCRIPTION
Extent 104 pages ;
Dimensions 18 cm
336 ## - CONTENT TYPE
Source rdacontent
Content type term text
337 ## - MEDIA TYPE
Source rdamedia
Media type term unmediated
338 ## - CARRIER TYPE
Source rdacarrier
Carrier type term volume
650 10 - SUBJECT ADDED ENTRY--TOPICAL TERM
Topical term or geographic name entry element Ghost stories, Malay. ; Malay fiction.
700 0# - ADDED ENTRY--PERSONAL NAME
Personal name Zan Zaini Sharudin,
Relator term editor
942 ## - ADDED ENTRY ELEMENTS (KOHA)
-- dc
Koha item type Book
Holdings
Withdrawn Not for loan Current library Shelving location Date acquired Full call number Barcode Date last seen Koha item type Total Checkouts Total Renewals Date last checked out
    Perpustakaan Alor Setar Pinjaman Dewasa 26/08/2014 899.233 JAR A01450644 09/05/2018 Book      
    Perpustakaan Alor Setar Pinjaman Dewasa 26/08/2014 899.233 JAR A01450645 08/03/2026 Book 7 2 08/01/2026
    Perpustakaan Awam Sungai Petani Pinjaman Dewasa 26/08/2014 899.233 JAR A01450646 14/12/2019 Book 2   16/10/2019
    Perpustakaan Baling Pinjaman Dewasa 26/08/2014 899.233 JAR A01450649 30/11/2023 Book 9 3 23/08/2020
    Perpustakaan Jitra Pinjaman Dewasa 26/08/2014 899.233 JAR A01450647 09/05/2018 Book      
    Perpustakaan Kulim Pinjaman Dewasa 26/08/2014 899.233 JAR A01450648 13/07/2025 Book 2   21/06/2025
    Perpustakaan Merbok Pinjaman Dewasa 26/08/2014 899.233 JAR A01450650 26/12/2022 Book 2   14/12/2022